logo

Bir Sreshtho Munshi Abdur Rouf Library
Jhenaidah Cadet College

Teaching social studies in the elementary school (Record no. 7659)

MARC details
000 -LEADER
fixed length control field 00865cam a2200277 4500
001 - CONTROL NUMBER
JCCL Control Number 7659
003 - CONTROL NUMBER IDENTIFIER
JCCL marc code BD-JhCC
005 - DATE AND TIME OF LATEST TRANSACTION
control field 20180212183748.0
008 - FIXED-LENGTH DATA ELEMENTS--GENERAL INFORMATION
fixed length control field 730831s1974 nyua b 001 0 eng
020 ## - INTERNATIONAL STANDARD BOOK NUMBER
International Standard Book Number 0030855144
035 ## - SYSTEM CONTROL NUMBER
system control number (BD-JhCC)7659
040 ## - CATALOGING SOURCE
Original cataloging agency DLC
Transcribing agency DLC
Modifying agency DLC
-- BD-JhCC
041 ## - LANGUAGE CODE
Language code of Book eng
050 00 - LIBRARY OF CONGRESS CALL NUMBER
Classification number LB1584
Item number .P68 1974
082 00 - DEWEY DECIMAL CLASSIFICATION NUMBER
Classification number 372.8/3/044
Author mark and Year PRE 1974
100 1# - MAIN ENTRY--PERSONAL NAME
Personal name Preston, Ralph Clausius,
Dates associated with a name 1908-
245 10 - TITLE STATEMENT
Title Teaching social studies in the elementary school
Statement of responsibility, etc [by] Ralph C. Preston [and] Wayne L. Herman, Jr.
250 ## - EDITION STATEMENT
Edition statement 4th ed.
260 ## - PUBLICATION, DISTRIBUTION, ETC. (IMPRINT)
Place of publication, distribution, etc New York,
Name of publisher, distributor, etc Holt, Rinehart and Winston
Date of publication, distribution, etc [1974]
300 ## - PHYSICAL DESCRIPTION
Pagination vi, 584 p.
Other physical details illus.
Dimensions 24 cm.
504 ## - BIBLIOGRAPHY, ETC. NOTE
Bibliography, etc Includes bibliographical references.
650 #0 - SUBJECT ADDED ENTRY--TOPICAL TERM
Topical term or geographic name as entry element Social sciences
General subdivision Study and teaching (Elementary)
700 1# - ADDED ENTRY--PERSONAL NAME
Personal name Herman, Wayne L.,
942 ## - ADDED ENTRY ELEMENTS (KOHA)
Source of classification or shelving scheme Dewey Decimal Classification
Koha item type Books
Holdings
Source of classification or shelving scheme Damaged status Not for loan Home library Current library Shelving location Total Checkouts Full call number Barcode Date last seen Copy number Koha item type
Dewey Decimal Classification     JCC Rouf Library JCC Rouf Library General Stacks   372.8/3/044 PRE 1974 883 02/12/2018 C - 1 Books

JCC Library | Contacts | JCC Home

Last Update on 23 September 2017
Copyright @ 2017-2020 JCC Rouf Library
Rouf Library, Jhenidah Cadet College (JCC), Bangladesh